[Event "EU-ch 7th"]
[Site "Kusadasi"]
[Date "2006.04.06"]
[Round "3"]
[White "Jobava, Baadur"]
[Black "Nyback, Tomi"]
[Result "1-0"]
[WhiteElo "2614"]
[BlackElo "2562"]
[PlyCount "75"]
[EventDate "2006.04.04"]
[EventType "swiss"]
[EventRounds "11"]
[EventCountry "TUR"]
[Source "ChessBase"]
[SourceDate "2006.05.09"]

1. d4 Nf6 2. c4 e6 3. Nf3 b6 4. Nc3 Bb7 5. a3 d5 6. cxd5 exd5 7. Bf4 Be7 8. e3
O-O 9. Bd3 c5 10. O-O Nbd7 11. Qc2 Rc8 12. Rad1 g6 13. dxc5 Nxc5 14. Bh6 Re8
15. Bb5 Ncd7 16. Qa4 Nc5 17. Qd4 Ncd7 18. Bg5 Rc7 19. e4 dxe4 20. Ne5 Nxe5 21.
Qxe5 Nd7 22. Qxc7 Qxc7 23. Rxd7 Qe5 24. Bf4 Qxf4 25. Rxb7 Bd6 26. g3 Qe5 27.
Bxe8 Qxe8 28. Re1 f5 29. Rd1 Qc6 30. Rxa7 e3 31. fxe3 g5 32. Rd5 f4 33. Rxg5+
Kf8 34. gxf4 Bc5 35. Nd5 Qe6 36. Kf2 h6 37. Rgg7 Qxd5 38. Rgd7 1-0

[Event "EU-ch 7th"]
[Site "Kusadasi"]
[Date "2006.04.08"]
[Round "5"]
[White "Arutinian, Davit"]
[Black "David, Alberto"]
[Result "1-0"]
[WhiteElo "2507"]
[BlackElo "2591"]
[PlyCount "87"]
[EventDate "2006.04.04"]
[EventType "swiss"]
[EventRounds "11"]
[EventCountry "TUR"]
[Source "ChessBase"]
[SourceDate "2006.05.09"]

1. d4 Nf6 2. c4 e6 3. Nf3 b6 4. Bg5 Bb7 5. Nc3 Be7 6. e3 h6 7. Bh4 O-O 8. Bd3
c5 9. dxc5 bxc5 10. O-O d6 11. Qe2 Nbd7 12. Rfd1 Bc6 13. Rd2 Qb6 14. Rad1 Qb7
15. Bb1 Rfe8 16. Bg3 d5 17. cxd5 exd5 18. Bf5 d4 19. exd4 Bf8 20. Qd3 cxd4 21.
Qxd4 Rad8 22. Qf4 g6 23. Bxd7 Nxd7 24. Qc7 Qa8 25. Rxd7 Bxd7 26. Rxd7 Rxd7 27.
Qxd7 Bg7 28. h4 Rd8 29. Qb5 Qc8 30. Qa5 Rd7 31. Kh2 Qb7 32. b3 Qb6 33. Qa4 Qe6
34. Ne4 Rd1 35. Qb4 Bf8 36. Qb7 f5 37. Nc3 Rd3 38. Qc7 Bg7 39. Na4 Rd1 40. Nc5
Qe8 41. Be5 Bf8 42. Nd3 Qe7 43. Qc2 Rf1 44. g3 1-0

[Event "EU-ch 7th"]
[Site "Kusadasi"]
[Date "2006.04.08"]
[Round "5"]
[White "Jobava, Baadur"]
[Black "Anastasian, Ashot"]
[Result "1/2-1/2"]
[WhiteElo "2614"]
[BlackElo "2602"]
[PlyCount "54"]
[EventDate "2006.04.04"]
[EventType "swiss"]
[EventRounds "11"]
[EventCountry "TUR"]
[Source "ChessBase"]
[SourceDate "2006.05.09"]

1. d4 Nf6 2. c4 e6 3. Nf3 b6 4. Nc3 Bb7 5. a3 d5 6. cxd5 Nxd5 7. Bd2 Be7 8. Qc2
O-O 9. e4 Nxc3 10. Bxc3 c5 11. dxc5 bxc5 12. Bb5 Qb6 13. Qa4 a6 14. Bd3 Bc6 15.
Qc2 Bb5 16. O-O Rd8 17. Rfd1 Nc6 18. Bf1 Bf6 19. e5 Be7 20. Qe4 Na7 21. a4 Bxf1
22. Kxf1 Qc6 23. Qxc6 Nxc6 24. Nd2 f6 25. exf6 gxf6 26. Nc4 Kf7 27. Ke2 Nd4+
1/2-1/2

[Event "EU-ch 7th"]
[Site "Kusadasi"]
[Date "2006.04.10"]
[Round "7"]
[White "Kozul, Zdenko"]
[Black "Ivanchuk, Vassily"]
[Result "1/2-1/2"]
[WhiteElo "2600"]
[BlackElo "2729"]
[PlyCount "175"]
[EventDate "2006.04.04"]
[EventType "swiss"]
[EventRounds "11"]
[EventCountry "TUR"]
[Source "ChessBase"]
[SourceDate "2006.05.09"]

1. d4 Nf6 2. c4 e6 3. Nf3 b6 4. a3 Bb7 5. Nc3 d5 6. cxd5 Nxd5 7. e3 Be7 8. Bb5+
c6 9. Bd3 O-O 10. Qc2 h6 11. O-O Nxc3 12. bxc3 c5 13. Qe2 Nd7 14. Bb2 Qc7 15.
c4 cxd4 16. exd4 Qf4 17. Nd2 Nf6 18. Rfe1 Rad8 19. d5 Rfe8 20. Nf3 Bf8 21. Be5
Qg4 22. h3 Qh5 23. Bxf6 gxf6 24. Bc2 Re7 25. Qf1 f5 26. Nd4 Qh4 27. Rad1 Bg7
28. Nf3 Qf6 29. dxe6 Rxe6 30. Rxd8+ Qxd8 31. Bxf5 Rxe1 32. Nxe1 Qd2 33. Bb1 Qc1
34. Nc2 Qxf1+ 35. Kxf1 Be4 36. a4 Bd3+ 37. Ke1 Bc3+ 38. Kd1 Be4 39. f3 Bc6 40.
Na3 Bb4 41. Nb5 a6 42. Nc7 Bxa4+ 43. Bc2 Bc6 44. Nxa6 Bd6 45. Be4 Bd7 46. Bd3
Bc8 47. c5 bxc5 48. Kc2 Kg7 49. g4 h5 50. gxh5 Bb7 51. f4 f6 52. Be2 Bd5 53.
Kd3 Kh6 54. Kc3 Be6 55. Bg4 Bf7 56. Be2 Bd5 57. Kd3 Bb7 58. Kc3 Bc8 59. Kb3
Be6+ 60. Kc3 Bc8 61. Kb3 Be6+ 62. Kc3 Bf7 63. Kd3 f5 64. Kc3 Be6 65. Kd3 Bd5
66. Kc3 Bb7 67. Kb3 Bc8 68. Kc3 Be6 69. Kd3 Kg7 70. Kc3 Kf6 71. Bd3 Bf7 72. Be2
Ke7 73. Bd3 Be6 74. Be2 Bd5 75. Bd3 Be6 76. Be2 Bc8 77. Kb3 Bb7 78. Kc3 Kf7 79.
Kb3 Kf6 80. Kc3 Ke7 81. Kb3 Bd5+ 82. Kc3 Bg8 83. Bc4 Bh7 84. Bd5 Bxf4 85. Nxc5
Kd6 86. Kc4 Bh6 87. h4 Ke7 88. Ne6 1/2-1/2

[Event "EU-ch 7th"]
[Site "Kusadasi"]
[Date "2006.04.13"]
[Round "9"]
[White "Kozul, Zdenko"]
[Black "Naiditsch, Arkadij"]
[Result "1-0"]
[WhiteElo "2600"]
[BlackElo "2657"]
[PlyCount "63"]
[EventDate "2006.04.04"]
[EventType "swiss"]
[EventRounds "11"]
[EventCountry "TUR"]
[Source "ChessBase"]
[SourceDate "2006.05.09"]

1. d4 Nf6 2. Nf3 e6 3. c4 b6 4. a3 Bb7 5. Nc3 d5 6. cxd5 Nxd5 7. e3 Be7 8. Bb5+
c6 9. Bd3 Nxc3 10. bxc3 c5 11. O-O Nc6 12. Bb2 Rc8 13. Qe2 O-O 14. Rad1 cxd4
15. exd4 Bf6 16. c4 Na5 17. Ne5 Bxe5 18. Qxe5 Qc7 19. Qh5 g6 20. Qh6 Nxc4 21.
Bxc4 Qxc4 22. d5 f6 23. Rd4 Qb3 24. dxe6 Qxe6 25. Rfd1 Rfe8 26. h3 Qc6 27. f3
Re2 28. Rd8+ Rxd8 29. Rxd8+ Re8 30. Bxf6 Kf7 31. Qg7+ Ke6 32. Rd1 1-0

[Event "EU-ch 7th"]
[Site "Kusadasi"]
[Date "2006.04.13"]
[Round "9"]
[White "Sakaev, Konstantin"]
[Black "Nyback, Tomi"]
[Result "1-0"]
[WhiteElo "2649"]
[BlackElo "2562"]
[PlyCount "61"]
[EventDate "2006.04.04"]
[EventType "swiss"]
[EventRounds "11"]
[EventCountry "TUR"]
[Source "ChessBase"]
[SourceDate "2006.05.09"]

1. d4 Nf6 2. Nf3 e6 3. c4 b6 4. Nc3 Bb7 5. a3 d5 6. cxd5 Nxd5 7. Qc2 Nxc3 8.
bxc3 c5 9. e4 Nd7 10. Bf4 Be7 11. Bd3 Rc8 12. Qb1 cxd4 13. cxd4 O-O 14. O-O Rc3
15. Rc1 Rxc1+ 16. Bxc1 Qc7 17. Bd2 e5 18. d5 Nc5 19. Qc2 Rc8 20. Rc1 Bd6 21.
Qb1 Qe7 22. Bc2 f5 23. exf5 Bxd5 24. Be3 e4 25. Rd1 Nd3 26. Bxd3 exf3 27. f6
gxf6 28. g3 Rd8 29. Bc2 Bb7 30. Rd4 Bc5 31. Rxd8+ 1-0

[Event "EU-ch 7th"]
[Site "Kusadasi"]
[Date "2006.04.14"]
[Round "10"]
[White "Hulak, Krunoslav"]
[Black "Lutz, Christopher"]
[Result "1/2-1/2"]
[WhiteElo "2541"]
[BlackElo "2609"]
[PlyCount "83"]
[EventDate "2006.04.04"]
[EventType "swiss"]
[EventRounds "11"]
[EventCountry "TUR"]
[Source "ChessBase"]
[SourceDate "2006.05.09"]

1. Nf3 Nf6 2. d4 e6 3. c4 b6 4. a3 Bb7 5. Nc3 d5 6. cxd5 Nxd5 7. e3 Be7 8. Bb5+
c6 9. Bd3 O-O 10. Qc2 h6 11. e4 Nxc3 12. bxc3 c5 13. Bb2 Qc7 14. Qe2 Nd7 15.
O-O Rac8 16. Nd2 Bg5 17. Rad1 Bc6 18. g3 Ba4 19. Rc1 cxd4 20. cxd4 Qb8 21. h4
Be7 22. e5 Rxc1 23. Rxc1 Rc8 24. Rxc8+ Qxc8 25. d5 Nc5 26. d6 Nxd3 27. Qxd3 Bd8
28. Qc4 Qxc4 29. Nxc4 Kf8 30. Bd4 Ke8 31. Nb2 Bc2 32. Kf1 Kd7 33. Ke2 Kc6 34.
Kd2 Be4 35. Kc3 f6 36. Nd3 a5 37. f4 Bf5 38. a4 Bg4 39. Nb2 fxe5 40. fxe5 Bh5
41. Nc4 Be8 42. Be3 1/2-1/2

[Event "EU-ch 7th"]
[Site "Kusadasi"]
[Date "2006.04.15"]
[Round "11"]
[White "Arutinian, Davit"]
[Black "Azarov, Sergei"]
[Result "1/2-1/2"]
[WhiteElo "2507"]
[BlackElo "2581"]
[PlyCount "108"]
[EventDate "2006.04.04"]
[EventType "swiss"]
[EventRounds "11"]
[EventCountry "TUR"]
[Source "ChessBase"]
[SourceDate "2006.05.09"]

1. d4 Nf6 2. c4 e6 3. Nf3 b6 4. Nc3 Bb7 5. Bg5 h6 6. Bh4 g5 7. Bg3 Nh5 8. d5
Nxg3 9. hxg3 Bg7 10. Nd4 a6 11. e3 c5 12. Nc2 O-O 13. Qd2 exd5 14. Nxd5 Nc6 15.
Nc3 b5 16. cxb5 axb5 17. Bxb5 d5 18. Nxd5 Nd4 19. exd4 Qxd5 20. Ne3 Qxd4 21.
Qxd4 cxd4 22. Nf5 Bxg2 23. Nxh6+ Bxh6 24. Rxh6 Rfb8 25. Bf1 Bxf1 26. Kxf1 Rxb2
27. Rd6 Rc8 28. Rd5 Rcc2 29. Rxg5+ Kf8 30. Rf5 Rxa2 31. Rxa2 Rxa2 32. Rd5 Ra4
33. Ke2 Ra2+ 34. Kf3 Rd2 35. Rf5 Kg7 36. Ke4 Kg6 37. g4 f6 38. f3 Rd1 39. Rd5
d3 40. Kf4 d2 41. Rd6 Ra1 42. Rxd2 Ra4+ 43. Kg3 Ra3 44. Rd5 Rb3 45. Ra5 Rc3 46.
Ra4 Rb3 47. Kf4 Rc3 48. Ke4 Rb3 49. f4 Rg3 50. Ra8 Rxg4 51. Rg8+ Kh5 52. Rh8+
Kg6 53. Kf3 f5 54. Rg8+ Kf7 1/2-1/2

[Event "EU-ch 7th"]
[Site "Kusadasi"]
[Date "2006.04.15"]
[Round "11"]
[White "Pelletier, Yannick"]
[Black "Van den Doel, Erik"]
[Result "1/2-1/2"]
[WhiteElo "2579"]
[BlackElo "2571"]
[PlyCount "21"]
[EventDate "2006.04.04"]
[EventType "swiss"]
[EventRounds "11"]
[EventCountry "TUR"]
[Source "ChessBase"]
[SourceDate "2006.05.09"]

1. d4 Nf6 2. c4 e6 3. Nf3 b6 4. g3 Ba6 5. Qa4 Bb7 6. Bg2 c5 7. dxc5 Bxc5 8. O-O
O-O 9. Nc3 Be7 10. Bf4 Na6 11. Rfd1 1/2-1/2

[Event "EU-ch 7th playoff"]
[Site "Kusadasi"]
[Date "2006.04.16"]
[Round "2.1"]
[White "Izoria, Zviad"]
[Black "Naiditsch, Arkadij"]
[Result "0-1"]
[WhiteElo "2647"]
[BlackElo "2664"]
[PlyCount "59"]
[EventDate "2006.04.16"]
[EventType "k.o."]
[EventRounds "3"]
[EventCountry "TUR"]
[Source "ChessBase"]
[SourceDate "2006.05.09"]

1. d4 Nf6 2. c4 e6 3. Nf3 b6 4. Bf4 Bb7 5. e3 c5 6. d5 exd5 7. Nc3 dxc4 8. Nb5
Na6 9. Bxc4 d5 10. Qa4 Nd7 11. Ne5 f6 12. Nxd7 dxc4 13. O-O-O Nb4 14. Ne5 fxe5
15. Nd6+ Ke7 16. Bg5+ Ke6 17. Bxd8 Bc6 18. Qa3 Bxd6 19. Bh4 g5 20. Bxg5 Rhg8
21. f4 Be4 22. Rd2 Nd3+ 23. Kb1 Nf2+ 24. Ka1 Nxh1 25. Qa4 Bd3 26. Qd1 h6 27.
Qg4+ Kd5 28. Qd7 hxg5 29. Qf7+ Kc6 30. e4 0-1

[Event "RUS-chT 13th"]
[Site "Sochi"]
[Date "2006.04.20"]
[Round "1"]
[White "Akopian, Vladimir"]
[Black "Brodsky, Michail"]
[Result "1-0"]
[WhiteElo "2706"]
[BlackElo "2561"]
[PlyCount "65"]
[EventDate "2006.04.20"]
[EventType "team"]
[EventRounds "11"]
[EventCountry "RUS"]
[Source "ChessBase"]
[SourceDate "2006.05.09"]

1. d4 Nf6 2. c4 e6 3. Nf3 b6 4. g3 Bb7 5. Bg2 Be7 6. O-O O-O 7. Re1 a5 8. Bf4
Na6 9. Ne5 Bxg2 10. Kxg2 Bb4 11. Rf1 d6 12. Nf3 e5 13. dxe5 dxe5 14. Bxe5 Ng4
15. Bd4 Re8 16. h3 Nf6 17. a3 Bc5 18. Nc3 Qd6 19. e3 Qe6 20. Bxf6 Qxf6 21. Qc2
h6 22. Rfd1 Bf8 23. Nd5 Qc6 24. Rd4 Nc5 25. Rg4 Kh8 26. Rf4 Qd7 27. Rd1 Bd6 28.
Rh4 f5 29. Rh5 Ne4 30. Nh4 g5 31. Rxh6+ Kg7 32. Nf6 Nxf6 33. Nxf5+ 1-0

[Event "RUS-chT 13th"]
[Site "Sochi"]
[Date "2006.04.23"]
[Round "4"]
[White "Korotylev, Alexey"]
[Black "Grigoriants, Sergey"]
[Result "1/2-1/2"]
[WhiteElo "2618"]
[BlackElo "2568"]
[PlyCount "67"]
[EventDate "2006.04.20"]
[EventType "team"]
[EventRounds "11"]
[EventCountry "RUS"]
[Source "ChessBase"]
[SourceDate "2006.05.09"]

1. d4 Nf6 2. c4 e6 3. Nf3 b6 4. a3 Bb7 5. Nc3 d5 6. Bg5 Be7 7. Qa4+ c6 8. Bxf6
Bxf6 9. cxd5 exd5 10. g3 O-O 11. Bg2 Nd7 12. O-O Re8 13. Rfd1 a6 14. Qb3 Rb8
15. e3 g6 16. Rac1 Bg7 17. Qa2 Qe7 18. Bh3 Kh8 19. Ne1 Nf8 20. b4 Ne6 21. Bg2
Bc8 22. Nf3 Nd8 23. Re1 f5 24. Na4 g5 25. Qb1 Bd7 26. Bf1 Nf7 27. Nb2 Nd6 28.
Nd3 Nc4 29. Qa2 Ra8 30. Nd2 Be6 31. a4 Qd6 32. a5 b5 33. Nf3 g4 34. Nh4 1/2-1/2

[Event "RUS-chT 13th"]
[Site "Sochi"]
[Date "2006.04.23"]
[Round "4"]
[White "Shaposhnikov, Evgeny"]
[Black "Yemelin, Vasily"]
[Result "1/2-1/2"]
[WhiteElo "2538"]
[BlackElo "2520"]
[PlyCount "88"]
[EventDate "2006.04.20"]
[EventType "team"]
[EventRounds "11"]
[EventCountry "RUS"]
[Source "ChessBase"]
[SourceDate "2006.05.09"]

1. d4 Nf6 2. Nf3 e6 3. c4 b6 4. Bg5 h6 5. Bh4 Bb7 6. e3 g5 7. Bg3 Ne4 8. Nbd2
Nxg3 9. hxg3 Bg7 10. g4 d6 11. Bd3 Nd7 12. Be4 c6 13. Ng1 Nf6 14. Bf3 Qd7 15.
Ne2 c5 16. Bxb7 Qxb7 17. Qa4+ Qd7 18. Qxd7+ Kxd7 19. f3 Ke7 20. Rc1 Rac8 21.
Kf2 Rc7 22. Rhd1 cxd4 23. Nxd4 Rhc8 24. Nb5 Rb7 25. Nc3 Rc6 26. b3 a6 27. Rc2
b5 28. Rdc1 bxc4 29. Nxc4 Rbc7 30. Ke2 Nxg4 31. fxg4 Bxc3 32. Rxc3 d5 33. e4
dxc4 34. Rxc4 Rxc4 35. Rxc4 Rb7 36. Kd3 Rb5 37. b4 Kd6 38. a3 f5 39. exf5 exf5
40. gxf5 Rxf5 41. Rc8 a5 42. Rh8 axb4 43. Rxh6+ Kc7 44. axb4 Rf2 1/2-1/2

[Event "RUS-chT 13th"]
[Site "Sochi"]
[Date "2006.04.25"]
[Round "6"]
[White "Riazantsev, Alexander"]
[Black "Tkachiev, Vladislav"]
[Result "1/2-1/2"]
[WhiteElo "2593"]
[BlackElo "2643"]
[PlyCount "31"]
[EventDate "2006.04.20"]
[EventType "team"]
[EventRounds "11"]
[EventCountry "RUS"]
[Source "ChessBase"]
[SourceDate "2006.05.09"]

1. d4 Nf6 2. c4 e6 3. Nf3 b6 4. a3 Bb7 5. Nc3 d5 6. cxd5 Nxd5 7. Bd2 Nd7 8.
Nxd5 exd5 9. g3 Be7 10. b4 O-O 11. Bg2 c5 12. bxc5 bxc5 13. dxc5 Nxc5 14. O-O
Re8 15. Be3 Ne4 16. Bd4 1/2-1/2

[Event "RUS-chT 13th"]
[Site "Sochi"]
[Date "2006.04.25"]
[Round "6"]
[White "Sakaev, Konstantin"]
[Black "Grigoriants, Sergey"]
[Result "1/2-1/2"]
[WhiteElo "2637"]
[BlackElo "2568"]
[PlyCount "94"]
[EventDate "2006.04.20"]
[EventType "team"]
[EventRounds "11"]
[EventCountry "RUS"]
[Source "ChessBase"]
[SourceDate "2006.05.09"]

1. d4 Nf6 2. c4 e6 3. Nf3 b6 4. g3 Ba6 5. b3 Bb4+ 6. Bd2 Be7 7. Bg2 c6 8. O-O
d5 9. Qc2 O-O 10. Rd1 Nbd7 11. Bf4 Rc8 12. Nc3 Nh5 13. Bc1 f5 14. e3 Qe8 15.
Bb2 g5 16. Ne2 Ng7 17. Ne5 h5 18. h3 Nf6 19. Nc1 Ne4 20. Ncd3 Bb7 21. Qe2 Kh7
22. Rac1 Bd6 23. b4 Qe7 24. c5 Bb8 25. a4 Ba6 26. Qc2 Bxd3 27. Rxd3 Bxe5 28.
dxe5 bxc5 29. bxc5 Rb8 30. Bd4 Rb4 31. Rb3 Rfb8 32. Rcb1 Rxb3 33. Rxb3 Qc7 34.
Rxb8 Qxb8 35. Bf1 Qb4 36. Bd3 g4 37. hxg4 hxg4 38. Kg2 Kg6 39. Qd1 Kf7 40. Qc2
Kg6 41. Qd1 Kf7 42. Qb1 Qxa4 43. Qb7+ Kg6 44. Qe7 Qa2 45. Bxe4 dxe4 46. Qf6+
Kh7 47. Qh4+ Kg6 1/2-1/2

[Event "RUS-chT 13th"]
[Site "Sochi"]
[Date "2006.04.26"]
[Round "7"]
[White "Ivanchuk, Vassily"]
[Black "Alekseev, Evgeny"]
[Result "1-0"]
[WhiteElo "2731"]
[BlackElo "2640"]
[PlyCount "63"]
[EventDate "2006.04.20"]
[EventType "team"]
[EventRounds "11"]
[EventCountry "RUS"]
[Source "ChessBase"]
[SourceDate "2006.05.09"]

1. d4 Nf6 2. c4 e6 3. Nf3 b6 4. g3 Ba6 5. Nbd2 Bb4 6. Qc2 Bb7 7. Bg2 Be4 8. Qd1
Bxd2+ 9. Qxd2 O-O 10. O-O d6 11. b3 Nbd7 12. Bb2 Qe7 13. Rfd1 Rfd8 14. Qe3 Re8
15. Rd2 h6 16. Rad1 Rad8 17. b4 a6 18. Rc1 Bh7 19. Rdd1 e5 20. dxe5 dxe5 21.
Qc3 c5 22. bxc5 bxc5 23. Nd2 Qe6 24. Nb3 Rc8 25. Qa5 Bg6 26. Ba3 Qf5 27. e4 Qg5
28. Qe1 Rc6 29. f3 Bh7 30. Rc2 h5 31. Bc1 Qg6 32. Bh3 1-0

[Event "RUS-chT 13th"]
[Site "Sochi"]
[Date "2006.04.26"]
[Round "7"]
[White "Lputian, Smbat G"]
[Black "Eljanov, Pavel"]
[Result "1/2-1/2"]
[WhiteElo "2619"]
[BlackElo "2665"]
[PlyCount "63"]
[EventDate "2006.04.20"]
[EventType "team"]
[EventRounds "11"]
[EventCountry "RUS"]
[Source "ChessBase"]
[SourceDate "2006.05.09"]

1. d4 Nf6 2. c4 e6 3. Nf3 b6 4. g3 Ba6 5. b3 Bb4+ 6. Bd2 Be7 7. Nc3 O-O 8. Rc1
d5 9. cxd5 Nxd5 10. Bg2 Ba3 11. Rb1 Bb7 12. Nb5 Be7 13. O-O a6 14. Nc3 Nd7 15.
Nxd5 Bxd5 16. Rc1 Rc8 17. Bf4 c5 18. Qd3 cxd4 19. Qxd4 Bc5 20. Qd3 Nf6 21. Ne5
Bxg2 22. Kxg2 Nd5 23. Rfd1 f6 24. Nc4 Nxf4+ 25. gxf4 Qxd3 26. Rxd3 Rfd8 27. Nb2
Ba3 28. Rxc8 Rxc8 29. Nc4 Bc5 30. Rd7 Rc6 31. Kf3 Bb4 32. a4 1/2-1/2

[Event "RUS-chT 13th"]
[Site "Sochi"]
[Date "2006.04.27"]
[Round "8"]
[White "Gelfand, Boris"]
[Black "Moiseenko, Alexander"]
[Result "1/2-1/2"]
[WhiteElo "2727"]
[BlackElo "2662"]
[PlyCount "29"]
[EventDate "2006.04.20"]
[EventType "team"]
[EventRounds "11"]
[EventCountry "RUS"]
[Source "ChessBase"]
[SourceDate "2006.05.09"]

1. d4 Nf6 2. c4 e6 3. Nf3 b6 4. g3 Bb7 5. Bg2 Bb4+ 6. Bd2 c5 7. Bxb4 cxb4 8.
O-O O-O 9. Qb3 a5 10. a3 Na6 11. Nbd2 d6 12. Rfd1 Qe7 13. Qe3 Rfe8 14. Rac1
Rab8 15. Ne1 1/2-1/2

[Event "RUS-chT 13th"]
[Site "Sochi"]
[Date "2006.04.27"]
[Round "8"]
[White "Korotylev, Alexey"]
[Black "Shaposhnikov, Evgeny"]
[Result "1/2-1/2"]
[WhiteElo "2618"]
[BlackElo "2538"]
[PlyCount "48"]
[EventDate "2006.04.20"]
[EventType "team"]
[EventRounds "11"]
[EventCountry "RUS"]
[Source "ChessBase"]
[SourceDate "2006.05.09"]

1. d4 Nf6 2. c4 e6 3. Nf3 b6 4. a3 Ba6 5. Qc2 Bb7 6. Nc3 c5 7. e4 cxd4 8. Nxd4
Bc5 9. Nb3 Nc6 10. Bg5 h6 11. Bh4 Nd4 12. Nxd4 Bxd4 13. Bd3 Qb8 14. Bg3 Be5 15.
O-O-O d6 16. Qa4+ Kf8 17. Qc2 Ke7 18. Rhe1 Bxg3 19. hxg3 Rc8 20. Kb1 a6 21. Qe2
b5 22. f4 bxc4 23. Bxc4 Qc7 24. Ba2 Kf8 1/2-1/2

[Event "RUS-chT 13th"]
[Site "Sochi"]
[Date "2006.04.27"]
[Round "8"]
[White "Riazantsev, Alexander"]
[Black "Najer, Evgeniy"]
[Result "1/2-1/2"]
[WhiteElo "2593"]
[BlackElo "2653"]
[PlyCount "45"]
[EventDate "2006.04.20"]
[EventType "team"]
[EventRounds "11"]
[EventCountry "RUS"]
[Source "ChessBase"]
[SourceDate "2006.05.09"]

1. d4 Nf6 2. c4 e6 3. Nf3 b6 4. g3 Ba6 5. Qb3 Nc6 6. Nbd2 Na5 7. Qc3 c5 8. dxc5
bxc5 9. e4 Bb7 10. e5 Ne4 11. Nxe4 Bxe4 12. Bg2 Be7 13. O-O Nc6 14. Re1 Bg6 15.
Bf4 O-O 16. Rad1 Qc7 17. Bg5 Bxg5 18. Nxg5 Rab8 19. b3 h6 20. Bxc6 dxc6 21. Nh3
Rfd8 22. Nf4 Bf5 23. Nd3 1/2-1/2

[Event "RUS-chT 13th"]
[Site "Sochi"]
[Date "2006.04.29"]
[Round "10"]
[White "Gelfand, Boris"]
[Black "Tiviakov, Sergei"]
[Result "1/2-1/2"]
[WhiteElo "2727"]
[BlackElo "2669"]
[PlyCount "37"]
[EventDate "2006.04.20"]
[EventType "team"]
[EventRounds "11"]
[EventCountry "RUS"]
[Source "ChessBase"]
[SourceDate "2006.05.09"]

1. d4 Nf6 2. c4 e6 3. Nf3 b6 4. g3 Bb7 5. Bg2 Be7 6. Nc3 O-O 7. d5 Bb4 8. O-O
Na6 9. Nd4 Bxc3 10. bxc3 Nc5 11. Nb3 Rb8 12. Nxc5 bxc5 13. e4 d6 14. Bg5 exd5
15. cxd5 Ba6 16. Re1 h6 17. Bxf6 Qxf6 18. Qd2 Rfe8 19. Rab1 1/2-1/2

[Event "RUS-chT 13th"]
[Site "Sochi"]
[Date "2006.04.30"]
[Round "11"]
[White "Filippov, Valerij"]
[Black "Tomashevsky, Evgeny"]
[Result "1/2-1/2"]
[WhiteElo "2561"]
[BlackElo "2595"]
[PlyCount "99"]
[EventDate "2006.04.20"]
[EventType "team"]
[EventRounds "11"]
[EventCountry "RUS"]
[Source "ChessBase"]
[SourceDate "2006.05.09"]

1. d4 Nf6 2. c4 e6 3. Nf3 b6 4. g3 Ba6 5. b3 d5 6. Bg2 dxc4 7. Ne5 Bb4+ 8. Kf1
Bd6 9. Nxc4 Nd5 10. e4 Ne7 11. Bb2 Nbc6 12. Nbd2 e5 13. d5 Nd4 14. Nf3 c5 15.
Bh3 O-O 16. Kg2 Ng6 17. Nxd4 exd4 18. Re1 Bc7 19. Kg1 Ne7 20. Bc1 Kh8 21. Bg2
Qd7 22. Qh5 Rae8 23. Bd2 Bb7 24. Bh3 Qd8 25. f3 Ng8 26. Bg5 Qb8 27. Bd7 g6 28.
Qh3 Bc8 29. Bxc8 Qxc8 30. Qxc8 Rxc8 31. a4 Bb8 32. Rac1 Kg7 33. Bd2 Nf6 34. b4
Rfe8 35. bxc5 bxc5 36. a5 Nd7 37. Kg2 Ne5 38. Nxe5 Bxe5 39. f4 Bb8 40. Rc4 f6
41. Bc1 Bd6 42. Ba3 Re7 43. a6 Rb8 44. e5 fxe5 45. fxe5 Rxe5 46. Rxe5 Bxe5 47.
Bxc5 d3 48. Kf3 Rd8 49. Bxa7 Bf6 50. Ke4 1/2-1/2

[Event "Bundesliga 0506"]
[Site "Germany"]
[Date "2006.02.18"]
[Round "10.3"]
[White "Levin, Felix"]
[Black "Sprenger, Jan Michael"]
[Result "1/2-1/2"]
[WhiteElo "2506"]
[BlackElo "2505"]
[PlyCount "130"]
[EventDate "2005.10.21"]
[EventType "team"]
[EventRounds "15"]
[EventCountry "GER"]
[Source "ChessBase"]
[SourceDate "2006.06.07"]
[WhiteTeam "Muelheim Nord"]
[BlackTeam "Godesberg"]
[WhiteTeamCountry "GER"]
[BlackTeamCountry "GER"]

1. d4 Nf6 2. c4 e6 3. Nf3 b6 4. g3 Ba6 5. b3 Bb4+ 6. Bd2 Be7 7. Nc3 O-O 8. Rc1
Bb7 9. Bg2 Ba3 10. Rb1 Ne4 11. O-O Nxd2 12. Qxd2 Bb4 13. Qc2 Bxc3 14. Qxc3 Be4
15. Rbd1 d6 16. Qe3 d5 17. Ne5 Bxg2 18. Kxg2 f6 19. Nd3 Re8 20. cxd5 exd5 21.
Qf3 Qd7 22. Nf4 c6 23. Rc1 Na6 24. Rfe1 Nc7 25. Qc3 Ne6 26. Qxc6 Nxf4+ 27. gxf4
Qg4+ 28. Kh1 Rad8 29. e3 Qf3+ 30. Kg1 Re7 31. Qc2 Qg4+ 32. Kf1 Qh3+ 33. Ke2
Qh5+ 34. Kd3 Qxh2 35. Qe2 Qh3 36. Rh1 Qf5+ 37. Kd2 g6 38. Qd3 Qd7 39. Rc3 Rc8
40. Rhc1 Rxc3 41. Qxc3 Kg7 42. Qc6 h5 43. Qxd7 Rxd7 44. Rc6 g5 45. fxg5 fxg5
46. Ke2 h4 47. f3 Rf7 48. b4 h3 49. Rc1 Kg6 50. Rh1 Rh7 51. Kf2 Rc7 52. Rxh3
Rc2+ 53. Kg3 Rxa2 54. Rh8 Ra3 55. Re8 Rb3 56. Re7 Kf6 57. Rxa7 Rxe3 58. Rb7 Kf5
59. Kf2 Rb3 60. Rxb6 g4 61. fxg4+ Kxg4 62. Rc6 Rxb4 63. Ke3 Rb3+ 64. Kd2 Kf4
65. Re6 Rg3 1/2-1/2

[Event "Bundesliga 0506"]
[Site "Germany"]
[Date "2006.03.11"]
[Round "12.5"]
[White "Pelletier, Yannick"]
[Black "Hansen, Curt"]
[Result "1/2-1/2"]
[WhiteElo "2583"]
[BlackElo "2607"]
[PlyCount "39"]
[EventDate "2005.10.21"]
[EventType "team"]
[EventRounds "15"]
[EventCountry "GER"]
[Source "ChessBase"]
[SourceDate "2006.06.07"]
[WhiteTeam "Werder Bremen"]
[BlackTeam "Porz"]
[WhiteTeamCountry "GER"]
[BlackTeamCountry "GER"]

1. d4 Nf6 2. c4 e6 3. Nf3 b6 4. a3 Bb7 5. Nc3 d5 6. cxd5 exd5 7. Qa4+ c6 8. Bg5
Be7 9. Rd1 Nbd7 10. e3 O-O 11. Bd3 Ne4 12. Bxe4 Bxg5 13. Nxg5 Qxg5 14. Bf3 Qe7
15. O-O f5 16. Rfe1 Nf6 17. Be2 Kh8 18. Bd3 Qd7 19. f3 a5 20. Ne2 1/2-1/2

[Event "POL-ch 63rd"]
[Site "Krakow"]
[Date "2006.03.08"]
[Round "12"]
[White "Bobras, Piotr"]
[Black "Macieja, Bartlomiej"]
[Result "1/2-1/2"]
[WhiteElo "2531"]
[BlackElo "2585"]
[PlyCount "51"]
[EventDate "2006.02.25"]
[EventType "tourn"]
[EventRounds "13"]
[EventCountry "POL"]
[EventCategory "12"]
[Source "ChessBase"]
[SourceDate "2006.06.07"]

1. d4 Nf6 2. c4 e6 3. Nf3 b6 4. g3 Ba6 5. b3 Bb4+ 6. Bd2 Be7 7. Bg2 c6 8. Bc3
d5 9. Ne5 Nfd7 10. Nxd7 Nxd7 11. Nd2 O-O 12. O-O Rc8 13. e4 c5 14. exd5 exd5
15. dxc5 dxc4 16. c6 cxb3 17. Re1 b2 18. Bxb2 Nc5 19. Ba3 Bf6 20. Rc1 Bb5 21.
Bxc5 bxc5 22. Rxc5 Qb6 23. Ne4 Rxc6 24. Rxc6 Qxc6 25. Qd5 Be7 26. Qxc6 1/2-1/2